[Event "RUS-chT 1L"]
[Site "Sochi RUS"]
[Date "2005.04.20"]
[Round "3"]
[White "Torbin, Kirill"]
[Black "Smirnov, Artiom"]
[Result "1-0"]
[WhiteElo "2360"]
[BlackElo "2413"]
[EventDate "2005.04.19"]
[PlyCount "51"]

1.d4 Nf6 2.Nf3 e6 3.c4 b6 4.a3 Ba6 5.Qa4 c5 6.dxc5 bxc5 7.g3 Qb6 8.Bg2 Nc6
9.Ne5 Nxe5 10.Bxa8 Nxc4 11.Nc3 Be7 12.O-O O-O 13.Bg2 d5 14.b4 Bc8 15.bxc5 
Qxc5 16.Qc2 Nb6 17.a4 Nc4 18.Nd1 Ba6 19.Nb2 Nxb2 20.Qxb2 Ng4 21.h3 Bf6 22.
Qa3 Qd4 23.Ra2 Nh6 24.Bb2 Qc4 25.Rc1 Bxb2 26.Qxb2 1-0

[Event "RUS-chT 1L"]
[Site "Sochi RUS"]
[Date "2005.04.20"]
[Round "3"]
[White "Zaitsev, Vladimir"]
[Black "Sokolov, Dmitri"]
[Result "1-0"]
[WhiteElo "2435"]
[BlackElo "2398"]
[EventDate "2005.04.19"]
[PlyCount "57"]

1.e4 c5 2.Nf3 Nc6 3.Bb5 g6 4.O-O Bg7 5.Re1 Nf6 6.e5 Nd5 7.Nc3 Nxc3 8.dxc3 
O-O 9.Bc4 Na5 10.Be2 d5 11.exd6 exd6 12.Bf4 d5 13.Qd2 Qb6 14.b3 Bf5 15.Bh6
Rfd8 16.Bxg7 Kxg7 17.Bd3 Qf6 18.Bxf5 Qxf5 19.Re7 Rd6 20.Rae1 b6 21.Ng5 Rf6
22.R1e5 Qg4 23.h3 Qh4 24.g3 Qh6 25.Qxd5 Rf8 26.Ne6+ Rxe6 27.R5xe6 Qc1+ 28.
Kg2 Qxc2 29.Rf6 1-0

[Event "RUS-chT 1L"]
[Site "Sochi RUS"]
[Date "2005.04.20"]
[Round "3"]
[White "Zigangirova, Sofya"]
[Black "Dobrov, Vladimir"]
[Result "0-1"]
[WhiteElo "2312"]
[BlackElo "2521"]
[EventDate "2005.04.19"]
[PlyCount "64"]

1.e4 e6 2.d4 d5 3.Nc3 Bb4 4.e5 c5 5.a3 Bxc3+ 6.bxc3 Qa5 7.Bd2 Qa4 8.Qb1 c4
9.Nh3 f6 10.Be2 fxe5 11.dxe5 Nc6 12.O-O Nge7 13.Be3 Nxe5 14.Bd4 Nf7 15.Bh5
O-O 16.Bc5 Qd7 17.a4 b6 18.Ba3 Bb7 19.Re1 Nh6 20.Qc1 Rf5 21.Ng5 d4 22.Rxe6
Nd5 23.Rd6 Qc8 24.h4 Nf4 25.Qd1 Bxg2 26.Rxd4 Bb7 27.Be7 Nd5 28.Bd6 Qc6 29.
Ba3 Qf6 30.Qd2 Nf4 31.Rxf4 Rxf4 32.Rd1 Rxh4 0-1

[Event "RUS-chT 1L"]
[Site "Sochi RUS"]
[Date "2005.04.20"]
[Round "4"]
[White "Anisimov, Pavel"]
[Black "Gavrilov, Alexei"]
[Result "1-0"]
[WhiteElo "2476"]
[BlackElo "2244"]
[EventDate "2005.04.19"]
[PlyCount "88"]

1.e4 e5 2.Nf3 Nc6 3.Bb5 a6 4.Ba4 Nf6 5.O-O Be7 6.Re1 b5 7.Bb3 d6 8.c3 O-O 
9.h3 Be6 10.d4 Bxb3 11.axb3 exd4 12.cxd4 d5 13.e5 Ne4 14.Nc3 f5 15.exf6 
Nxf6 16.Ne5 Nb4 17.Bf4 c5 18.Na2 Ne4 19.Nxb4 cxb4 20.Qg4 Qc8 21.Be3 Qxg4 
22.hxg4 Rfc8 23.f3 Nf6 24.Rec1 Rxc1+ 25.Bxc1 Bd6 26.Nc6 h5 27.g5 Nh7 28.
Bd2 Nf8 29.Bxb4 Bxb4 30.Nxb4 Ne6 31.Nxd5 Nxd4 32.g6 Nxb3 33.Ra3 Nd4 34.Nc7
Rc8 35.Rxa6 Ne2+ 36.Kf2 Nf4 37.Nxb5 h4 38.Nd4 Nd3+ 39.Kg1 Kf8 40.Nf5 h3 
41.gxh3 Nf4 42.h4 Nh5 43.Ra7 Rb8 44.b4 Ke8 1-0

[Event "RUS-chT 1L"]
[Site "Sochi RUS"]
[Date "2005.04.20"]
[Round "4"]
[White "Ayupov, Damir"]
[Black "Vorobiov, Evgeny"]
[Result "1/2-1/2"]
[WhiteElo "2364"]
[BlackElo "2550"]
[EventDate "2005.04.19"]
[PlyCount "20"]

1.d4 Nf6 2.c4 g6 3.Nc3 d5 4.cxd5 Nxd5 5.e4 Nxc3 6.bxc3 Bg7 7.Nf3 c5 8.Be3 
O-O 9.Be2 Nc6 10.O-O cxd4 1/2-1/2

[Event "RUS-chT 1L"]
[Site "Sochi RUS"]
[Date "2005.04.20"]
[Round "4"]
[White "Babiy, Anatoly"]
[Black "Iskusnyh, Sergei"]
[Result "1/2-1/2"]
[WhiteElo "2473"]
[BlackElo "2474"]
[EventDate "2005.04.19"]
[PlyCount "85"]

1.d4 d5 2.Nf3 Nf6 3.c4 c6 4.Nc3 e6 5.e3 a6 6.Qc2 c5 7.dxc5 Bxc5 8.a3 dxc4 
9.Bxc4 b5 10.Be2 Nbd7 11.O-O Bb7 12.b4 Be7 13.Bb2 Qc7 14.Rac1 Rc8 15.Qb1 
Qb8 16.Qa1 O-O 17.Nb1 Bd5 18.Nbd2 Qa8 19.Rxc8 Rxc8 20.Rc1 Bf8 21.Rxc8 Qxc8
22.Qc1 Qxc1+ 23.Bxc1 Nb6 24.Bb2 Nfd7 25.Kf1 f6 26.e4 Ba2 27.Ne1 e5 28.Nc2 
g6 29.Bd3 Bh6 30.Ke2 Kf7 31.Ne3 Nf8 32.g3 Ne6 33.Ba1 Nd8 34.Ng4 Bg7 35.f4 
h5 36.Ne3 exf4 37.gxf4 Ne6 38.Ng2 Bh6 39.f5 gxf5 40.exf5 Nf4+ 41.Nxf4 Bxf4
42.h3 Nd5 43.Be4 1/2-1/2

[Event "RUS-chT 1L"]
[Site "Sochi RUS"]
[Date "2005.04.20"]
[Round "4"]
[White "Baikov, Vladimir"]
[Black "Ivanov, Alexei"]
[Result "0-1"]
[WhiteElo "2395"]
[BlackElo "2303"]
[EventDate "2005.04.19"]
[PlyCount "90"]

1.d4 Nf6 2.c4 e6 3.Nf3 b6 4.a3 Bb7 5.Nc3 c5 6.d5 exd5 7.cxd5 d6 8.e4 g6 9.
Bb5+ Nbd7 10.e5 dxe5 11.Nxe5 Bg7 12.Bg5 O-O 13.Bxd7 h6 14.Bxf6 Bxf6 15.Ng4
Bxc3+ 16.bxc3 h5 17.Ne5 Qg5 18.Qe2 Rfe8 19.Bxe8 Rxe8 20.O-O Rxe5 21.Qf3 
Bxd5 22.Qg3 Qe7 23.f3 h4 24.Qf2 h3 25.Rfe1 hxg2 26.Qg3 Re3 27.Kf2 g1=Q+ 
28.Kxg1 Bxf3 29.h4 Be2 30.Qg5 Qe4 31.Qg2 Qxh4 32.Rxe2 Rg3 33.Rf1 Rxg2+ 34.
Rxg2 Qh3 35.Rgf2 f5 36.Rf3 Qg4+ 37.Kh2 Kg7 38.R1f2 Kf6 39.Rf4 Qd1 40.a4 
Qd6 41.Kg2 Qd5+ 42.Kg1 g5 43.R4f3 f4 44.Rh3 Qd1+ 45.Kh2 g4 0-1

[Event "RUS-chT 1L"]
[Site "Sochi RUS"]
[Date "2005.04.20"]
[Round "4"]
[White "Balberov, Alexander"]
[Black "Zaitsev, Vladimir"]
[Result "0-1"]
[WhiteElo "2403"]
[BlackElo "2435"]
[EventDate "2005.04.19"]
[PlyCount "96"]

1.e4 e6 2.d4 d5 3.Bd3 Nf6 4.e5 Nfd7 5.c3 c5 6.Ne2 Nc6 7.Nd2 cxd4 8.cxd4 f6
9.exf6 Qxf6 10.Nf3 Bd6 11.O-O h6 12.Bc2 O-O 13.Qd3 Rd8 14.a3 Nf8 15.b4 Bd7
16.Bb2 Be8 17.Qe3 Bg6 18.Ba4 Ne7 19.Ne5 Nc8 20.Nf4 Nb6 21.Bb3 Be8 22.Rfe1 
Ba4 23.Ba2 Be8 24.Rac1 a5 25.bxa5 Rxa5 26.g3 Rda8 27.Rc5 R5a6 28.Bb3 Qe7 
29.Rec1 Nfd7 30.Nxd7 Bxd7 31.R5c3 Na4 32.Bxa4 Rxa4 33.Re1 Qf7 34.Nd3 e5 
35.Qc1 exd4 36.Rb3 Rc4 37.Qa1 Ba4 38.Rb6 Bc6 39.Ne5 Bxe5 40.Rxe5 Qc7 41.
Bxd4 Raa4 42.Qe1 Rxd4 43.Re7 Qd6 44.Rexb7 Qg6 45.Rc7 Rac4 46.h4 Re4 47.Qd2
d4 48.h5 Qe6 0-1

[Event "RUS-chT 1L"]
[Site "Sochi RUS"]
[Date "2005.04.20"]
[Round "4"]
[White "Bezgodov, Alexei"]
[Black "Gabdrakhmanov, Rafail"]
[Result "1/2-1/2"]
[WhiteElo "2555"]
[BlackElo "2425"]
[EventDate "2005.04.19"]
[PlyCount "78"]

1.e4 e5 2.Nf3 d6 3.d4 exd4 4.Nxd4 Nf6 5.Nc3 Be7 6.Bf4 O-O 7.Qd2 Nc6 8.
O-O-O Nxd4 9.Qxd4 Be6 10.f3 a6 11.g4 Nd7 12.Kb1 Bf6 13.Qd2 Ne5 14.Be2 Nc4 
15.Bxc4 Bxc4 16.h4 Re8 17.g5 Be5 18.Bxe5 dxe5 19.Qe3 Qe7 20.Rd2 Rad8 21.
Rhd1 b6 22.b3 Be6 23.Nd5 Bxd5 24.Rxd5 Rxd5 25.Rxd5 Rd8 26.Qd3 Rxd5 27.Qxd5
a5 28.c4 h5 29.Kb2 Qd6 30.Kc3 g6 31.Kd3 Kg7 32.Ke3 f6 33.gxf6+ Qxf6 34.
Qd7+ Kh6 35.Qxc7 Qxh4 36.Qxe5 Qe1+ 37.Kd3 Qd1+ 38.Ke3 Qe1+ 39.Kd3 Qd1+ 
1/2-1/2

[Event "RUS-chT 1L"]
[Site "Sochi RUS"]
[Date "2005.04.20"]
[Round "4"]
[White "Chebotarev, Oleg"]
[Black "Pogromsky, Mikhail"]
[Result "1-0"]
[WhiteElo "2480"]
[BlackElo "2291"]
[EventDate "2005.04.19"]
[PlyCount "123"]

1.e4 e6 2.d3 d5 3.Nd2 Nf6 4.Ngf3 Nc6 5.c3 a5 6.Be2 e5 7.O-O Be7 8.Qc2 O-O 
9.Re1 Re8 10.b3 h6 11.Bb2 Be6 12.a3 Qd6 13.Rad1 dxe4 14.dxe4 Qc5 15.Nc4 
Ng4 16.Rf1 b5 17.b4 Qa7 18.Nxa5 Nxa5 19.bxa5 Qc5 20.Ne1 Bd6 21.Nd3 Qa7 22.
Nb4 Qxa5 23.Nd5 Bxd5 24.Rxd5 Nf6 25.Rxb5 Qa4 26.Qxa4 Rxa4 27.f3 Bxa3 28.
Ra1 Bxb2 29.Rxa4 Bxc3 30.Rb7 Re7 31.g3 g5 32.Ra6 Kg7 33.Kg2 Bd4 34.Bb5 Ng8
35.Kf1 Bb6 36.Bc4 Bc5 37.Rc6 Bb6 38.Bd5 Ba5 39.h4 Bb6 40.hxg5 hxg5 41.Kg2 
Ba5 42.Kh3 Nh6 43.Ra7 Bd2 44.g4 Re8 45.Rcxc7 Rf8 46.Ra8 Rxa8 47.Bxa8 Bb4 
48.Bd5 Kf8 49.Kg2 Ba3 50.Rb7 Bc5 51.Kf1 Ba3 52.Ke2 Bc5 53.Kd3 Ba3 54.Kc4 
Bd6 55.Rb6 Ke7 56.Kb5 Kd7 57.Ra6 Ke7 58.Kc6 Bb4 59.Ra8 Kf6 60.Kd7 Kg7 61.
Ke8 Ng8 62.Ra7 1-0

[Event "RUS-chT 1L"]
[Site "Sochi RUS"]
[Date "2005.04.20"]
[Round "4"]
[White "Firman, Nazar"]
[Black "Miroshnichenko, Evgeny"]
[Result "0-1"]
[WhiteElo "2471"]
[BlackElo "2628"]
[EventDate "2005.04.19"]
[PlyCount "98"]

1.e4 c5 2.Nf3 d6 3.d4 Nf6 4.Nc3 cxd4 5.Nxd4 Nc6 6.Bg5 e6 7.Qd2 Qb6 8.O-O-O
a6 9.Bxf6 gxf6 10.Nb3 Bd7 11.f4 O-O-O 12.Kb1 Kb8 13.Be2 h5 14.Rhf1 Na5 15.
Rf3 Nxb3 16.axb3 Qc5 17.Rh3 Bc6 18.Bxh5 Rh7 19.g4 Be7 20.Rd3 b5 21.Rd4 Rc8
22.b4 Qb6 23.Re1 Bb7 24.h3 Rc4 25.Rxc4 bxc4 26.Nd1 d5 27.exd5 Bxb4 28.c3 
Bc5 29.Qc2 f5 30.Qa4 Qb5 31.Qxb5 axb5 32.dxe6 Be4+ 33.Rxe4 fxe4 34.exf7 
Rh8 35.Kc2 e3 36.g5 Rxh5 37.Nxe3 Rxh3 38.Ng4 Rg3 39.Ne5 Kc7 40.g6 Bf8 41.
Kd2 Kd6 42.Ke2 Rg2+ 43.Kf3 Rxb2 44.Ke4 Re2+ 45.Kf5 Bg7 46.Ng4 b4 47.Nf6 b3
48.Nh5 b2 49.Nxg7 Ke7 0-1

[Event "RUS-chT 1L"]
[Site "Sochi RUS"]
[Date "2005.04.20"]
[Round "4"]
[White "Gabrielian, Artur"]
[Black "Soloviov, Sergei"]
[Result "1/2-1/2"]
[WhiteElo "2481"]
[BlackElo "2473"]
[EventDate "2005.04.19"]
[PlyCount "95"]

1.e4 c5 2.Nf3 d6 3.d4 cxd4 4.Nxd4 Nf6 5.Nc3 g6 6.Be3 Bg7 7.Be2 O-O 8.h4 h5
9.f3 Nc6 10.Qd2 d5 11.Nxc6 bxc6 12.e5 Nd7 13.f4 Nb6 14.O-O-O Bf5 15.g4 
hxg4 16.h5 Re8 17.hxg6 fxg6 18.b3 Qd7 19.a4 Qe6 20.Rdg1 Rad8 21.a5 Nd7 22.
Rg3 Kf7 23.Rhg1 Nxe5 24.fxe5 Qxe5 25.Bf4 Qf6 26.Bh6 Bxh6 27.Qxh6 Rh8 28.
Qf4 d4 29.Nb1 Rh2 30.R3g2 Rxg2 31.Rxg2 e5 32.Qg3 e4 33.Bxg4 Bxg4 34.Qxg4 
e3 35.Rh2 Re8 36.Qe2 Kg7 37.Na3 Qe5 38.Rg2 Qxa5 39.Kb2 Qd5 40.Rg1 Qf5 41.
Rf1 Qe5 42.Kb1 Rf8 43.Re1 a5 44.Nc4 Qf5 45.Nb2 Qf2 46.Qd1 c5 47.Nd3 Qf5 
48.Nb2 1/2-1/2

[Event "RUS-chT 1L"]
[Site "Sochi RUS"]
[Date "2005.04.20"]
[Round "4"]
[White "Ionov, Sergei"]
[Black "Rychagov, Andrei"]
[Result "0-1"]
[WhiteElo "2527"]
[BlackElo "2525"]
[EventDate "2005.04.19"]
[PlyCount "58"]

1.c4 e6 2.d4 d5 3.Nc3 Nf6 4.Bg5 Be7 5.Nf3 O-O 6.e3 h6 7.Bh4 b6 8.Bd3 Bb7 
9.O-O Nbd7 10.Bg3 c5 11.Qe2 cxd4 12.exd4 dxc4 13.Bxc4 Nh5 14.d5 Nxg3 15.
hxg3 exd5 16.Bxd5 Bxd5 17.Nxd5 Bd6 18.Rad1 Nf6 19.Ne3 Qe7 20.Rfe1 Rfd8 21.
Nd4 Qe4 22.Qf3 Bb4 23.Nc6 Rxd1 24.Rxd1 Bc5 25.Nd5 Qxf3 26.gxf3 Nxd5 27.
Rxd5 a5 28.a4 Kf8 29.Kf1 Rc8 0-1

[Event "RUS-chT 1L"]
[Site "Sochi RUS"]
[Date "2005.04.20"]
[Round "4"]
[White "Isaevsky, Anton"]
[Black "Dvoirys, Semen"]
[Result "1/2-1/2"]
[WhiteElo "2429"]
[BlackElo "2568"]
[EventDate "2005.04.19"]
[PlyCount "71"]

1.e4 c5 2.Nc3 d6 3.f4 Nc6 4.Bb5 Bd7 5.Nf3 g6 6.O-O Bg7 7.d3 Nf6 8.e5 dxe5 
9.Nxe5 Rc8 10.Nxd7 Qxd7 11.a4 O-O 12.a5 a6 13.Bxc6 Rxc6 14.Ra4 Nd5 15.Nxd5
Qxd5 16.Qf3 Qd7 17.b3 f5 18.Bd2 Re8 19.Rc4 Bd4+ 20.Kh1 e5 21.fxe5 Bxe5 22.
b4 cxb4 23.Rxc6 bxc6 24.Bxb4 Bd4 25.h3 Re3 26.Qf4 Re2 27.Re1 Rxe1+ 28.Bxe1
c5 29.c3 Qe6 30.Qb8+ Kg7 31.Qa7+ Kh6 32.cxd4 Qxe1+ 33.Kh2 cxd4 34.Qxd4 
Qxa5 35.Qh4+ Kg7 36.Qe7+ 1/2-1/2

[Event "RUS-chT 1L"]
[Site "Sochi RUS"]
[Date "2005.04.20"]
[Round "4"]
[White "Isaevsky, Anton"]
[Black "Yurtaev, Leonid"]
[Result "1/2-1/2"]
[WhiteElo "2429"]
[BlackElo "2515"]
[EventDate "2005.04.19"]
[PlyCount "44"]

1.d4 Nf6 2.c4 g6 3.Nc3 Bg7 4.e4 d6 5.Be2 O-O 6.Nf3 e5 7.Be3 exd4 8.Nxd4 
Re8 9.f3 c6 10.Bf2 a6 11.O-O b5 12.a3 Bb7 13.Nb3 bxc4 14.Bxc4 a5 15.Na4 
Nh5 16.Nb6 Ra6 17.Bxa6 Bxa6 18.Qd2 c5 19.Qxa5 Nf4 20.Nd5 Nxd5 21.Qxd8 Rxd8
22.exd5 Bxb2 1/2-1/2

[Event "RUS-chT 1L"]
[Site "Sochi RUS"]
[Date "2005.04.20"]
[Round "4"]
[White "Klimov, Sergey"]
[Black "Dobrov, Vladimir"]
[Result "1/2-1/2"]
[WhiteElo "2490"]
[BlackElo "2521"]
[EventDate "2005.04.19"]
[PlyCount "43"]

1.e4 e6 2.d4 d5 3.Nc3 Bb4 4.e5 c5 5.a3 Bxc3+ 6.bxc3 Qa5 7.Bd2 Qa4 8.Qg4 g6
9.Qd1 Bd7 10.Rb1 Bc6 11.Nf3 Nd7 12.h4 h6 13.Be2 Ne7 14.Qc1 h5 15.dxc5 Nxc5
16.c4 dxc4 17.Rb4 Qa5 18.Rxc4 Qb6 19.Be3 Qa5+ 20.Bd2 Qb6 21.Be3 Qa5+ 22.
Bd2 1/2-1/2

[Event "RUS-chT 1L"]
[Site "Sochi RUS"]
[Date "2005.04.20"]
[Round "4"]
[White "Krutko, Anatoly"]
[Black "Gladyshev, Oleg"]
[Result "0-1"]
[WhiteElo "2358"]
[BlackElo "2434"]
[EventDate "2005.04.19"]
[PlyCount "141"]

1.e4 c5 2.Nf3 Nc6 3.Bb5 g6 4.Bxc6 dxc6 5.d3 Bg7 6.h3 Nf6 7.Nc3 O-O 8.Be3 
b6 9.O-O Re8 10.Qd2 e5 11.a3 Qd6 12.Nh2 Nh5 13.Bh6 Bh8 14.Rae1 Be6 15.Ng4 
c4 16.Re3 Qd7 17.Qd1 Rad8 18.Qf3 Bxg4 19.hxg4 Nf6 20.Bg5 Nxg4 21.Bxd8 Nxe3
22.Qxe3 Rxd8 23.dxc4 Qe7 24.Rd1 Rd4 25.Qe2 Bg7 26.Na2 Qe6 27.Rxd4 exd4 28.
Kf1 b5 29.b3 bxc4 30.bxc4 Qd6 31.Qd3 Bf8 32.a4 h5 33.Nc1 Qb4 34.Nb3 Qxa4 
35.Qxd4 Qb4 36.e5 a5 37.e6 a4 38.exf7+ Kxf7 39.Nd2 Qd6 40.Qa7+ Be7 41.Ke2 
Qe5+ 42.Kd3 Qd6+ 43.Ke2 Qe5+ 44.Kd3 a3 45.Ne4 g5 46.f3 g4 47.fxg4 hxg4 48.
c3 Ke6 49.Qf2 Qf5 50.Qe1 a2 51.Kd4 Kd7 52.Qa1 Qa5 53.Kd3 Ke6 54.Kc2 Qf5 
55.Qxa2 Qxe4+ 56.Kb3 Qd3 57.Qa1 Qd2 58.Qa8 Qxg2 59.Qc8+ Kf7 60.Qf5+ Bf6 
61.Qd7+ Kg6 62.Qe8+ Kg5 63.Qe3+ Kf5 64.Qc5+ Kg6 65.Qf8 Qf3 66.Qg8+ Kf5 67.
Qh7+ Kf4 68.Qh2+ g3 69.Qd2+ Kg4 70.Qd7+ Kg5 71.Qd2+ 0-1

[Event "RUS-chT 1L"]
[Site "Sochi RUS"]
[Date "2005.04.20"]
[Round "4"]
[White "Lputian, Smbat"]
[Black "Askarov, Marat"]
[Result "1-0"]
[WhiteElo "2640"]
[BlackElo "2455"]
[EventDate "2005.04.19"]
[PlyCount "127"]

1.d4 Nf6 2.c4 e6 3.Nf3 Bb4+ 4.Nbd2 O-O 5.a3 Bxd2+ 6.Bxd2 Ne4 7.g3 Nxd2 8.
Qxd2 d6 9.Bg2 Qe7 10.Qc3 Nd7 11.O-O e5 12.e4 c5 13.d5 Rb8 14.a4 f5 15.exf5
Rxf5 16.Rae1 Rf8 17.Nd2 a6 18.a5 Qd8 19.f4 exf4 20.Ne4 Nf6 21.Rxf4 Nxe4 
22.Rfxe4 Qf6 23.Qd2 Bd7 24.Rf4 Qd8 25.Be4 Rxf4 26.Qxf4 Qf8 27.Qh4 h6 28.
Bg6 Qf3 29.Qe4 Qxe4 30.Rxe4 Kf8 31.Rf4+ Kg8 32.h4 b6 33.axb6 Rxb6 34.Rf2 
Rb4 35.Re2 Kf8 36.Rf2+ Kg8 37.Bf7+ Kh7 38.Be6 Be8 39.Rf8 Bg6 40.Bg8+ Kh8 
41.h5 Bd3 42.Bf7+ Kh7 43.Rd8 Rb6 44.g4 g6 45.Rd7 gxh5 46.gxh5 Kh8 47.Kf2 
Bf5 48.Be6 Bd3 49.Ke3 Bxc4 50.Ke4 Rxb2 51.Rxd6 Re2+ 52.Kf5 Bd3+ 53.Kf6 
Rf2+ 54.Ke7 Bb5 55.Rd8+ Kg7 56.Rg8+ Kh7 57.Rc8 Rh2 58.d6 Rxh5 59.Rb8 Rh2 
60.Kf6 Rf2+ 61.Bf5+ Rxf5+ 62.Kxf5 Ba4 63.Rb7+ Kg8 64.d7 1-0

[Event "RUS-chT 1L"]
[Site "Sochi RUS"]
[Date "2005.04.20"]
[Round "4"]
[White "Maslak, Konstantin"]
[Black "Lugovoi, Alexei"]
[Result "0-1"]
[WhiteElo "2477"]
[BlackElo "2557"]
[EventDate "2005.04.19"]
[PlyCount "60"]

1.e4 c5 2.Nf3 d6 3.d4 cxd4 4.Nxd4 Nf6 5.Nc3 Nc6 6.Bc4 e6 7.Bb3 a6 8.f4 Be7
9.Be3 Qc7 10.Qf3 Nxd4 11.Bxd4 b5 12.a3 O-O 13.f5 Rb8 14.g4 e5 15.Be3 b4 
16.axb4 Rxb4 17.g5 Nxe4 18.Nd5 Qb7 19.f6 Bd8 20.fxg7 Kxg7 21.O-O-O Be6 22.
Nf6 Kh8 23.Qh5 Nxf6 24.gxf6 Bxf6 25.Bg5 Qe7 26.h4 Bxb3 27.cxb3 Qe6 28.Rdf1
Bg7 29.Kb1 Qxb3 30.Qe2 Ra4 0-1

[Event "RUS-chT 1L"]
[Site "Sochi RUS"]
[Date "2005.04.20"]
[Round "4"]
[White "Nevostruev, Vladimir"]
[Black "Kositsin, Sergey"]
[Result "1-0"]
[WhiteElo "2481"]
[BlackElo "2446"]
[EventDate "2005.04.19"]
[PlyCount "59"]

1.e4 e5 2.Nf3 Nc6 3.Bb5 a6 4.Ba4 Nf6 5.Qe2 b5 6.Bb3 Be7 7.O-O d6 8.c3 O-O 
9.d4 Bg4 10.Rd1 exd4 11.cxd4 d5 12.exd5 Nb4 13.h3 Bc8 14.Nc3 Bb7 15.Bg5 
Nbxd5 16.Rac1 Nxc3 17.Rxc3 h6 18.Bxh6 Bxf3 19.Rxf3 gxh6 20.Qe3 Nh7 21.Qxh6
Bg5 22.Qh5 Kh8 23.h4 Be7 24.Rf6 Rg8 25.Rxf7 Rg7 26.Rxg7 Kxg7 27.Rd3 Bf6 
28.Bc2 Bxh4 29.Rf3 Ng5 30.Qg6+ 1-0

[Event "RUS-chT 1L"]
[Site "Sochi RUS"]
[Date "2005.04.20"]
[Round "4"]
[White "Nikolenko, Oleg"]
[Black "Loginov, Valery"]
[Result "1-0"]
[WhiteElo "2527"]
[BlackElo "2512"]
[EventDate "2005.04.19"]
[PlyCount "81"]

1.e4 c5 2.Ne2 d6 3.g3 Nc6 4.Bg2 g6 5.c3 Bg7 6.d4 cxd4 7.cxd4 Bg4 8.f3 Bd7 
9.Nbc3 Nf6 10.Be3 O-O 11.Qd2 Qa5 12.O-O Rfc8 13.h3 e5 14.d5 Nb8 15.f4 exf4
16.gxf4 Re8 17.Ng3 Bb5 18.b4 Qa6 19.Rfc1 Bc4 20.a4 h5 21.Bf2 h4 22.Nf1 
Nbd7 23.Ne3 Rac8 24.Nxc4 Qxc4 25.Rab1 Qc7 26.Nb5 Qb8 27.Bxa7 Qa8 28.Rxc8 
Rxc8 29.a5 Rc4 30.Qd3 Rc8 31.Qe3 Nh5 32.Rc1 Ng3 33.Nc7 Ne2+ 34.Kh2 Rxc7 
35.Rxc7 Nxf4 36.Rxd7 Qc8 37.Rxf7 Be5 38.Rxf4 g5 39.Kh1 Bxf4 40.Qe1 Qc2 41.
Be3 1-0

[Event "RUS-chT 1L"]
[Site "Sochi RUS"]
[Date "2005.04.20"]
[Round "4"]
[White "Obolenskikh, Dmitry"]
[Black "Berezhevsky, Evgeny"]
[Result "1-0"]
[WhiteElo "2406"]
[BlackElo "2385"]
[EventDate "2005.04.19"]
[PlyCount "120"]

1.e4 c5 2.Nf3 e6 3.d4 cxd4 4.Nxd4 a6 5.Bd3 Qc7 6.O-O Nf6 7.Qe2 d6 8.c4 g6 
9.b3 Bg7 10.Bb2 O-O 11.Nd2 Nbd7 12.Rae1 b6 13.Bb1 Bb7 14.f4 e5 15.fxe5 
Nxe5 16.N2f3 Nfd7 17.Kh1 Rae8 18.Ng5 Nc5 19.Nh3 Qe7 20.Nf4 Ned7 21.Nd5 
Bxd5 22.cxd5 b5 23.Nc6 Qh4 24.Bxg7 Kxg7 25.a4 bxa4 26.b4 Nb3 27.Bd3 a5 28.
bxa5 Ne5 29.Bb5 Nc5 30.g3 Qh3 31.Nd4 Re7 32.Rf4 Ra8 33.Nf5+ gxf5 34.Rh4 
Qxh4 35.gxh4 fxe4 36.Qg2+ Kf8 37.Rg1 Ng6 38.h5 Rxa5 39.hxg6 hxg6 40.Qb2 
Re5 41.Bc6 Nd3 42.Qb8+ Kg7 43.Qxd6 Rc5 44.Rd1 Rg5 45.h4 Rf5 46.Kg1 Rc2 47.
Bxa4 Ra2 48.Bb3 Rb2 49.Bc4 Ne5 50.Bf1 Nf3+ 51.Kh1 Rh5 52.Qg3 Rxh4+ 53.Bh3 
Rh2+ 54.Qxh2 Nxh2 55.Kxh2 e3 56.Kg3 e2 57.Re1 Rd4 58.Bg2 f5 59.Rxe2 Kf6 
60.Re6+ Kg5 1-0

[Event "RUS-chT 1L"]
[Site "Sochi RUS"]
[Date "2005.04.20"]
[Round "4"]
[White "Pokazanyev, Nikolai"]
[Black "Kornev, Alexei"]
[Result "0-1"]
[WhiteElo "2380"]
[BlackElo "2565"]
[EventDate "2005.04.19"]
[PlyCount "52"]

1.e4 c6 2.d4 d5 3.e5 Bf5 4.Nc3 e6 5.g4 Bg6 6.Nge2 c5 7.Be3 Nc6 8.dxc5 a6 
9.Bg2 Nxe5 10.Qd4 Nc6 11.Qa4 Nf6 12.O-O-O Qa5 13.Qxa5 Nxa5 14.h3 Rc8 15.f4
Nc4 16.Bd4 Bxc5 17.f5 exf5 18.Nxd5 Nxd5 19.Bxd5 Ne3 20.Bxg7 Rg8 21.Bc3 
Nxd1 22.Rxd1 fxg4 23.hxg4 Rc7 24.Ng3 Bf2 25.Ne4 Bxe4 26.Bxe4 Rxg4 0-1

[Event "RUS-chT 1L"]
[Site "Sochi RUS"]
[Date "2005.04.20"]
[Round "4"]
[White "Rodchenkov, Sergei"]
[Black "Scherbakov, Ruslan"]
[Result "1/2-1/2"]
[WhiteElo "2359"]
[BlackElo "2534"]
[EventDate "2005.04.19"]
[PlyCount "93"]

1.e4 c5 2.Nf3 d6 3.d4 cxd4 4.Nxd4 Nf6 5.Nc3 a6 6.Be2 g6 7.O-O Bg7 8.Bg5 
O-O 9.Re1 Nc6 10.Nb3 b5 11.Bf1 h6 12.Bh4 Nd7 13.Rb1 Nb6 14.Nd5 Bb7 15.Na5 
Ra7 16.c4 g5 17.Nxb7 Rxb7 18.cxb5 axb5 19.Bg3 Nd7 20.Ne3 Nd4 21.h4 e5 22.
hxg5 Qxg5 23.Nc2 Rb6 24.Bh2 f5 25.f4 Qd8 26.Nxd4 exd4 27.exf5 Rxf5 28.Bd3 
Rf8 29.b4 Qh4 30.g3 Qh3 31.Bf1 Qf5 32.g4 Qf7 33.Bd3 d5 34.Rc1 Nf6 35.Qf3 
Re6 36.Bf5 Rxe1+ 37.Rxe1 Ne4 38.Qd3 h5 39.Qh3 d3 40.Kg2 Ra8 41.Qxd3 hxg4 
42.Bxe4 Rxa2+ 43.Re2 Rxe2+ 44.Qxe2 dxe4 45.Qxe4 Bf8 46.Kg3 Qh5 47.Qe6+ 
1/2-1/2

[Event "RUS-chT 1L"]
[Site "Sochi RUS"]
[Date "2005.04.20"]
[Round "4"]
[White "Rogovsky, Vladimir"]
[Black "Shomoev, Anton"]
[Result "0-1"]
[WhiteElo "2509"]
[BlackElo "2540"]
[EventDate "2005.04.19"]
[PlyCount "96"]

1.e4 c5 2.Nf3 d6 3.d4 cxd4 4.Nxd4 Nf6 5.Nc3 a6 6.Be2 e6 7.O-O Be7 8.f4 O-O
9.Kh1 Qc7 10.a4 Nc6 11.Nxc6 bxc6 12.Bd3 Bb7 13.Qe2 d5 14.b3 c5 15.Bd2 c4 
16.bxc4 dxe4 17.Nxe4 Nxe4 18.Bxe4 Bxe4 19.Qxe4 Rfc8 20.f5 Qxc4 21.Qxc4 
Rxc4 22.fxe6 fxe6 23.Rae1 Rf8 24.Rxf8+ Kxf8 25.Rxe6 Rxc2 26.Ba5 Rc1+ 27.
Re1 Rxe1+ 28.Bxe1 Kf7 29.g4 Ke6 30.Kg2 Kd5 31.Kf3 Kc4 32.Ke4 Kb3 33.Kd5 
Kxa4 34.Kc4 Ka3 35.Ba5 Bf6 36.Be1 Bd8 37.Bb4+ Ka2 38.Bc3 g6 39.Bd2 Kb2 40.
g5 Kc2 41.Bf4 Ba5 42.h4 Be1 43.h5 gxh5 44.Kd4 h4 45.Ke4 Bg3 46.Be3 h3 47.
Kf3 Bc7 48.Bc5 a5 0-1

[Event "RUS-chT 1L"]
[Site "Sochi RUS"]
[Date "2005.04.20"]
[Round "4"]
[White "Sambuev, Bator"]
[Black "Novik, Maxim"]
[Result "1/2-1/2"]
[WhiteElo "2505"]
[BlackElo "2494"]
[EventDate "2005.04.19"]
[PlyCount "83"]

1.d4 d5 2.c4 e6 3.Nc3 c5 4.cxd5 exd5 5.Nf3 Nc6 6.g3 Nf6 7.Bg2 Be7 8.O-O 
O-O 9.Bg5 cxd4 10.Nxd4 a6 11.Be3 Re8 12.Qa4 Bd7 13.Rfd1 Na5 14.Qc2 Rc8 15.
Nf5 Be6 16.Nxe7+ Qxe7 17.Bd4 Nc6 18.Qa4 h6 19.e3 Nxd4 20.Rxd4 Rc4 21.Qb3 
Rxd4 22.exd4 Qd7 23.Re1 Rd8 24.Ne2 Bh3 25.Nf4 Bxg2 26.Kxg2 Re8 27.Re5 b5 
28.Qf3 Rd8 29.b4 Qc6 30.Nh5 Nxh5 31.Qxh5 Rd6 32.Qf3 g6 33.a3 Rf6 34.Qe3 
Kg7 35.g4 Qc8 36.Kg3 Qc4 37.h4 Qf1 38.f3 Rc6 39.Re8 Kh7 40.Re7 Kg8 41.Re8+
Kh7 42.Re7 1/2-1/2

[Event "RUS-chT 1L"]
[Site "Sochi RUS"]
[Date "2005.04.20"]
[Round "4"]
[White "Shkurikhin, Ilia"]
[Black "Nikolaev, Nikita"]
[Result "1-0"]
[WhiteElo "2284"]
[BlackElo "2356"]
[EventDate "2005.04.19"]
[PlyCount "65"]

1.d4 Nf6 2.c4 g6 3.Nf3 Bg7 4.Nc3 O-O 5.g3 d6 6.Bg2 Nc6 7.d5 Na5 8.Nd2 c5 
9.O-O a6 10.Qc2 Rb8 11.b3 b5 12.Bb2 bxc4 13.bxc4 Bh6 14.f4 e5 15.dxe6 Bxe6
16.Nd5 Bxd5 17.cxd5 Bg7 18.Bc3 Rb5 19.e4 Nd7 20.Bxg7 Kxg7 21.Rae1 Re8 22.
Qc3+ f6 23.Nf3 Rb4 24.e5 Nc4 25.a3 Ra4 26.Qc2 Qa5 27.exf6+ Nxf6 28.Rxe8 
Nxe8 29.Qe2 Qd8 30.Re1 Kf8 31.Ng5 Ng7 32.Ne6+ Nxe6 33.dxe6 1-0

[Event "RUS-chT 1L"]
[Site "Sochi RUS"]
[Date "2005.04.20"]
[Round "4"]
[White "Slugin, Sergei"]
[Black "Ogloblin, Nikolay"]
[Result "1/2-1/2"]
[WhiteElo "2355"]
[BlackElo "2424"]
[EventDate "2005.04.19"]
[PlyCount "100"]

1.e4 c5 2.Nf3 e6 3.c3 Nf6 4.e5 Nd5 5.Bc4 d6 6.O-O Nb6 7.Bb3 c4 8.Bc2 dxe5 
9.Nxe5 N8d7 10.d4 cxd3 11.Nxd3 Be7 12.Nd2 O-O 13.Qe2 Nd5 14.c4 N5f6 15.b3 
b6 16.Bb2 Bb7 17.Nf3 Qc7 18.Nde5 Rad8 19.Rad1 Nxe5 20.Nxe5 Rxd1 21.Rxd1 
Rd8 22.Rxd8+ Qxd8 23.Qd3 Qxd3 24.Nxd3 Nd7 25.f3 h5 26.Kf2 Bd6 27.g3 e5 28.
Bc3 Kf8 29.b4 Ke7 30.Ke3 g6 31.c5 bxc5 32.bxc5 Nxc5 33.Nxe5 Ne6 34.Nd3 Nc7
35.Be5 Nd5+ 36.Kd4 Ba3 37.Bb8 a5 38.Bb3 Nb4 39.Nxb4 Bxb4 40.Bd5 Bc8 41.Ba7
Be1 42.Bc5+ Kf6 43.Ke3 Be6 44.Bd4+ Ke7 45.Bc5+ Kd7 46.Kd4 h4 47.gxh4 Bxh4 
48.a4 Bd8 49.Bc4 Bc7 50.Bxe6+ fxe6 1/2-1/2

[Event "RUS-chT 1L"]
[Site "Sochi RUS"]
[Date "2005.04.20"]
[Round "4"]
[White "Sokolov, Dmitri"]
[Black "Ivanov, Timur"]
[Result "1/2-1/2"]
[WhiteElo "2398"]
[BlackElo "2408"]
[EventDate "2005.04.19"]
[PlyCount "57"]

1.e4 d6 2.d4 Nf6 3.Nc3 Nbd7 4.Nf3 e5 5.Bc4 Be7 6.O-O O-O 7.Re1 c6 8.a4 b6 
9.d5 Bb7 10.dxc6 Bxc6 11.Nd5 Nxd5 12.Bxd5 Rc8 13.Bxc6 Rxc6 14.b3 a6 15.c4 
Qb8 16.Ba3 Rfc8 17.Qd5 Nc5 18.Rab1 Bf8 19.Red1 Ne6 20.g3 b5 21.cxb5 axb5 
22.Qxb5 Qxb5 23.axb5 Rb6 24.Nd2 Rxb5 25.Nc4 Nd4 26.Nxd6 Bxd6 27.Bxd6 Rb6 
28.Ba3 Rxb3 29.Rxb3 1/2-1/2